| 000 | 00351nam a2200121Ia 4500 | ||
|---|---|---|---|
| 008 | 220217s9999 xx 000 0 und d | ||
| 245 | 0 | _aSpecification for hard rubber containers for motor vehicle batteries. | |
| 260 | _c1960 | ||
| 500 | _aStandard number: IS 1146 | ||
| 650 | _aHard rubber container | ||
| 650 | _aMotor vehicle battery | ||
| 942 | _cST | ||
| 999 |
_c73439 _d73439 |
||